000 00786cam a2200205 4500
001 ABS66923
008 030808n2003 000 0 eng u
035 _a(Sirsi) u123240
100 _aDay, C.
245 4 _aThe integration of risk management and value management
260 _c2003
490 _aCost Engineer
_v41(4) July 2003, 7-10(4)
520 _aLooks at the amalgamation of risk management and value management, suggesting that although separately they are powerful tools, they are more beneficial when used together. Presents definitions of both concepts and discusses the process and pitfalls of integration.
590 _aABS
650 _aRISK MANAGEMENT
650 _aVALUE MANAGEMENT
690 _aProject management
_96261
700 _aMcKee, A.
942 _n0
999 _c73192
_d73192